000 01101nam a22001937a 4500
999 _c60904
_d60904
005 20231115155158.0
008 231115s1978 ru ||||| |||| 00| 0 rus d
041 _arus
080 _a821.14'01.09-13 Г-68
100 _a Гордезиани, Рисмаг Вениаминович.
_920403
245 _aПроблемы гомеровского эпоса /
_cРисмаг Вениаминович Гордезиани; Редактор И.Г. Шенгелия; Тбилисский государственный университет.
264 _aТбилиси :
_bИздательство Тбилисского университета,
_c1978.
300 _a396 с.;
_b22 см.
521 _aსაძიებელი: გვ. 373-393. ბიბლიოგრაფია: გვ. 352-371.
653 _aლიტერატურის ისტორია და კრიტიკა
653 _a ძველი ბერძნული პოეზია.
700 _aშენგელია, ი.
_eრედაქტორი.
_920404
942 _2udc
_cᲬᲘᲒᲜᲘ